Kappaleen nimi sanoituksissa #10 - Statistics

Yleistilastot
  • Tätä visaa on pelattu 396 kertaa
  • Keskiarvotulos 12 / 20
Vastaustilastot
Sanat % Oikein
Sinussa on valo, sinussa on yö / Sinulla on {sitkeä} {sydän} joka lyö
93%
Sun villakoirasi nimi oli {Rin-Tin-Tin} / Typerä piski, joka murisi mulle
93%
Kruunalla kotiin ja klaavalla {Esson} {baariin} / Ei paina valuuttakramppi pohkeessa
92%
Koska {me} {ei} {olla} {enää} {me} / Ostetaan joululahjat jollekin toiselle
86%
Minä olin {lentäjän} {poika} / Lähes sankari siis itsekkin
83%
Anna minulle armahduksesi / Ole minulle {Rafaelin} {enkeli}
81%
Ja veli oli kännissä / Näin sen itkeneen / {Lumi} {teki} {enkelin} {eteiseen}
79%
Lähettii {pämppää} / Pistettiin lääväks pari kämppää
79%
Sä oot {söpö}, mut mul ei oo aikaa / Mennä sun kaa leffaan tai ees ostaa karkkia
76%
Sisko tahtoisin jäädä / Mutta {moottoritie} {on} {kuuma} / Kaupunkien valot mulle huutaa
71%
Jottei kellään olis orpo olo / Tarvis {enemmän} {duoo} {ku} {sooloo}
62%
Mul on {tästä} {asti} {aikaa} / Muutama lantti mammonaa
58%
Vain tuuli puhaltaa / Ja kuoren hajottaa / Mutta en {sun} {särkyä} {anna} {mä} {en}
58%
Hiljaa kuusten kuiske soi, terveisensä tuuli toi / {Sininen} {ja} {valkoinen} värit ovat vapauden
56%
{Kaiken} {takana} {on} {nainen} / Joka ihanasti rakastaa / Jota minä en voi vastustaa
40%
{Kaikki} {nuoret} {tyypit} tahtoo mennä sekaisin / {Kaikki} {nuoret} {tyypit} tahtoo olla jotakin
36%
Hei lähetään nyt bäkkiin / DeLoreanin kiihdytän tähtiin / {Paluu} {tulevaisuuteen}
31%
Voi kunpa vielä, voi kunpa joku tulisi ja sanoisi niin / "Mä {tykkään} {susta} {niin}, {että} {halkeen}"
23%
Lennän minne haluan / Valo taipuu, alas vaipuu / Kun {lintu} yöhön pakenee
19%
Meidän rakkaus on {teini} / Niin sammuuks se lumeen? / Jossain kehäteiden yllä
12%
Ehtoja vastaavia visoja ei löytynyt
Tulosjakauma
Jokaisen tuloksen saaneiden osuus
Persentiili vastausten määrän mukaan
Tuloshistoriasi
Et ole pelannut tätä visaa